Districts of Warwickshire - Statistics

General Stats
  • This quiz has been taken 46 times
  • The average score is 4 of 5
Answer Stats
status Answer % Correct
District Stratford Upon Avon
93%
District Warwick
93%
District Nuneaton and Bedworth
83%
District Rugby
83%
District North Warwickshire
53%
No matching quizzes found
Score Distribution
Percent of People with Each Score
Percentile by Number Answered
Your Score History
You have not taken this quiz